[Event "Pan American-ch U16"]
[Site "Oaxtepec"]
[Date "2014.07.11"]
[Round "1"]
[White "Panchanatham, Vignesh"]
[Black "Llivisaca Naichap, Maicol Bray"]
[Result "1-0"]
[WhiteElo "2110"]
[BlackElo "1565"]
[PlyCount "95"]
[EventDate "2014.07.11"]
[EventType "swiss"]
[EventRounds "9"]
[EventCountry "MEX"]
[SourceTitle "EXT 2022"]
[Source "ChessBase"]
[SourceDate "2021.10.06"]
[SourceVersion "1"]
[SourceVersionDate "2021.10.06"]
[SourceQuality "1"]

1. e4 e5 2. Nf3 Nc6 3. Bb5 f5 4. Nc3 Nf6 5. exf5 e4 6. Ng5 d5 7. d3 Bxf5 8. 0-0 h6 9. dxe4 dxe4 10. Qxd8+ Rxd8 11. g4 hxg5 12. gxf5 Bd6 13. Bxg5 Bxh2+ 14. Kg2 Be5 15. Rae1 Kf7 16. Nxe4 Nd4 17. Bc4+ Nd5 18. f4 Bf6 19. Nc5 Nxf5 20. Nxb7 Kg6 21. Nxd8 Nfe3+ 22. Kg3 Nxf1+ 23. Rxf1 Rxd8 24. Rd1 c6 25. Bxf6 Kxf6 26. Bxd5 cxd5 27. Rd4 Rc8 28. c3 Ke6 29. Ra4 Rc7 30. Kg4 Rb7 31. Ra6+ Ke7 32. b3 Rc7 33. Kf5 Rxc3 34. Ke5 Rc7 35. Kxd5 Rd7+ 36. Ke5 Rb7 37. Kf5 Kf7 38. Kg5 Rb5+ 39. f5 Rb7 40. Rc6 Rd7 41. b4 a5 42. b5 Rd2 43. b6 Rg2+ 44. Kf4 Rf2+ 45. Ke5 Re2+ 46. Kd6 Rxa2 47. b7 Rb2 48. Kc7 1-0